Southville International School and Colleges
Your cart is empty.
  • Cart
  • Lists
    Public lists Eva Luna New books Lux_list list_1
    Your lists Log in to create your own lists
  • Log in to your account
  • Your cookies
  • Search history
Southville International School and Colleges
  • Advanced search
  • Recent comments
  • Most popular
  • Libraries

Log in to your account

Log in with GOOGLE


If you do not have an external account, but do have a local account, you can still log in:

  1. Home
  2. MARC view: Reporting in counselling and psychotheraphy :
Normal view MARC view ISBD view

Reporting in counselling and psychotheraphy : (Record no. 20470)

[ view plain ]
MARC details
000 -LEADER
fixed length control field 00762nam a2200229 a 4500
005 - DATE AND TIME OF LATEST TRANSACTION
control field 20140310183229.0
008 - FIXED-LENGTH DATA ELEMENTS--GENERAL INFORMATION
fixed length control field 040311s19uu xx 00 eng d
020 ## - INTERNATIONAL STANDARD BOOK NUMBER
International Standard Book Number 0415231949
050 ## - LIBRARY OF CONGRESS CALL NUMBER
Classification number RC 455.2.M38
Item number .P374 2003
100 ## - MAIN ENTRY--PERSONAL NAME
Personal name Papadopoulos, Linda
245 ## - TITLE STATEMENT
Title Reporting in counselling and psychotheraphy :
Remainder of title a trainee's guide to praparing case studies and reports /
Statement of responsibility, etc Linda Papadopoulos, Malcolm C. Cross and Robert Bor.
260 ## - PUBLICATION, DISTRIBUTION, ETC. (IMPRINT)
Place of publication, distribution, etc Hove :
Name of publisher, distributor, etc Bunner-Routledge,
Date of publication, distribution, etc 2003.
300 ## - PHYSICAL DESCRIPTION
Extent 275 p. :
Dimensions 24 cm.
500 ## - GENERAL NOTE
General note Includes Index
521 ## - TARGET AUDIENCE NOTE
Target audience note
650 ## - SUBJECT ADDED ENTRY--TOPICAL TERM
Topical term or geographic name as entry element Psychiatric
General subdivision authorship
650 ## - SUBJECT ADDED ENTRY--TOPICAL TERM
Topical term or geographic name as entry element Psychiatry
General subdivision case studies
650 ## - SUBJECT ADDED ENTRY--TOPICAL TERM
Topical term or geographic name as entry element Report writing
650 ## - SUBJECT ADDED ENTRY--TOPICAL TERM
Topical term or geographic name as entry element Neuropsychological report writing
942 ## - ADDED ENTRY ELEMENTS (KOHA)
Koha item type Books
Source of classification or shelving scheme Library of Congress Classification
Call number prefix Foreign
Holdings
Withdrawn status Lost status Source of classification or shelving scheme Damaged status Home library Current library Shelving location Date acquired Source of acquisition Cost, normal purchase price Total Checkouts Total Renewals Full call number Barcode Date last seen Date checked out Copy number Price effective from Koha item type
    Library of Congress Classification   College Library College Library General Circulation Section 10/09/2010   2021.00 2 1 RC 455.2.M38 .P374 2003 C4436 12/10/2018 10/19/2018 1 10/10/2013 Books

Reporting in counselling and psychotheraphy :

APA

Papadopoulos L., . (2003). Reporting in counselling and psychotheraphy. Hove: Bunner-Routledge.

Chicago

Papadopoulos Linda, . 2003. Reporting in counselling and psychotheraphy. Hove: Bunner-Routledge.

Harvard

Papadopoulos L., . (2003). Reporting in counselling and psychotheraphy. Hove: Bunner-Routledge.

MLA

Papadopoulos Linda, . Reporting in counselling and psychotheraphy. Hove: Bunner-Routledge. 2003.

  • Place hold
  • Print
  • Cite
  • Add to your cart (remove)
  • Save record
    BIBTEX Dublin Core MARCXML MARC (non-Unicode/MARC-8) MARC (Unicode/UTF-8) MARC (Unicode/UTF-8, Standard) MODS (XML) RIS
  • More searches
    Search for this title in:
    Other Libraries (WorldCat) Other Databases (Google Scholar) Online Stores (Bookfinder.com) Open Library (openlibrary.org)

Exporting to Dublin Core...

SOUTHVILLE LIBRARY

Southville International School and Colleges Library

1281 Tropical Ave. Cor. Luxembourg St., BF Homes International, Las Pinas City

Tel. No. 8256374 / 252358 Loc. 117/146

Powered by Koha